[Event "Ch Russia (students)"]
[Site "masterchessopen.com – Nizhnij Tagil (Russia)"]
[Date "2005.10.07"]
[Round "4"]
[White "Lakhno Konstantin (RUS)"]
[Black "Ponkratov Pavel (RUS)"]
[Result "1-0"]
[WhiteElo "2300"]
[BlackElo "2405"]

1.d4 Nf6 2.Nf3 c5 3.d5 e6 4.c4 b5 5.dxe6 fxe6 6.cxb5 Bb7 7.g3 d5 8.Bg2 Qa5+
9.Nc3 d4 10.Qa4 Qb6 11.Nb1 e5 12.Na3 e4 13.Ne5 Nbd7 14.Bf4 Nxe5 15.Bxe5 Nd7
16.Bf4 Be7 17.Bh3 g5 18.Nc4 Qh6 19.Bxd7+ Kxd7 20.b6+ Ke6 21.Bc7 axb6 22.Qb3
Kf5 23.g4+ Kxg4 24.Qg3+ Kh5 25.Qh3+ Kg6 26.Qe6+ {#r} 1-0

[Event "Bundesliga B East 2005/06"]
[Site "masterchessopen.com – Austria"]
[Date "2005.10.09"]
[Round "2"]
[White "Loeffler Stefan (GER)"]
[Black "Tibensky Robert (SVK)"]
[Result "1-0"]
[WhiteElo "2440"]
[BlackElo "2432"]

1.d4 Nf6 2.Nf3 c5 3.d5 e6 4.c4 b5 5.Bg5 Qa5+ 6.Nc3 Ne4 7.dxe6 fxe6 8.Qc2 Bb7
9.cxb5 d5 10.e3 c4 11.Be2 Bb4 12.O-O Bxc3 13.bxc3 Qxc3 14.Qa4 Nxg5 15.Nxg5 Qe5
16.f4 Qxe3+ 17.Kh1 O-O 18.Bg4 Bc8 19.Qb4 Qb6 20.Qe7 Qd8 21.Bxe6+ {#r} 1-0

[Event "Czech League 2005/06 (2nd) (a)"]
[Site "masterchessopen.com – Czech Republic"]
[Date "2005.10.16"]
[Round "1"]
[White "Dolezal Jiri (CZE)"]
[Black "Dvorak Jan (CZE)"]
[Result "0-1"]
[WhiteElo "1769"]
[BlackElo "2267"]

1.d4 e6 2.Nf3 Nf6 3.c4 c5 4.d5 b5 5.Bg5 Qa5+ 6.Qd2 Qxd2+ 7.Nbxd2 bxc4 8.e4 Bb7
9.Bxf6 gxf6 10.Bxc4 Na6 11.O-O Nc7 12.Rfe1 Rg8 13.Rad1 O-O-O 14.Nb3 f5 15.d6
fxe4 16.dxc7 Kxc7 17.Nfd2 e3 18.Rxe3 Rxg2+ 19.Kf1 Rxh2 20.Nf3 Rh1+ 21.Ke2 Rxd1
22.Kxd1 d5 23.Be2 d4 24.Rd3 c4 {#R} 0-1

[Event "Ch France (team) (nat.4) 2005/06"]
[Site "masterchessopen.com – France"]
[Date "2005.10.16"]
[Round "1"]
[White "Camus Berenger (FRA)"]
[Black "Guyot-Jeannin Ralph (FRA)"]
[Result "1-0"]
[WhiteElo "2134"]
[BlackElo "2021"]

1.d4 Nf6 2.Nf3 e6 3.c4 c5 4.d5 b5 5.dxe6 fxe6 6.cxb5 d5 7.e3 Bd6 8.Nc3 Bb7
9.e4 Nbd7 10.Bd3 d4 11.Ne2 Nxe4 12.Qc2 Ndf6 13.O-O O-O 14.Ng3 Nxg3 15.hxg3 Qd7
16.Re1 g6 17.Bh6 Rf7 18.Bxg6 Re7 19.Bd3 e5 20.Qd2 Kh8 21.Qg5 Ng8 22.Nxe5 Qe8
23.Bc4 Bxe5 24.Rxe5 Qd7 25.Rae1 Rae8 26.Bf7 Rxe5 {#r} 1-0

[Event "It (open)"]
[Site "masterchessopen.com – Sevilla (Spain)"]
[Date "2006.01.11"]
[Round "5"]
[White "Lazaro Porta Angel (ESP)"]
[Black "Barrero Garcia Carlos (ESP)"]
[Result "1-0"]
[WhiteElo "2073"]
[BlackElo "2313"]

1.d4 Nf6 2.Nf3 c5 3.d5 e6 4.c4 b5 5.e4 Nxe4 6.Bd3 Nf6 7.O-O Bb7 8.Nc3 b4 9.Ne4
Nxe4 10.Bxe4 Be7 11.Re1 Qb6 12.Bg5 f6 13.Bf4 O-O 14.Bc2 e5 15.Qd3 g6 16.h4 d6
17.h5 f5 18.hxg6 hxg6 19.Ng5 Bxg5 20.Bxg5 Qc7 21.Re3 Qf7 22.Rh3 Nd7 23.Qg3
Rfe8 24.Qh4 Kf8 25.Ba4 Nb6 26.Qh8+ Qg8 27.Qf6+ {#r} 1-0

[Event "Ch Turkey (qual)"]
[Site "masterchessopen.com – Mersin (Turkey)"]
[Date "2006.02.21"]
[Round "5"]
[White "Simsek Cevdet (TUR)"]
[Black "Yagiz Yasin Emrah (TUR)"]
[Result "0-1"]
[WhiteElo "1965"]
[BlackElo "2319"]

1.d4 Nf6 2.Nf3 e6 3.c4 c5 4.d5 b5 5.dxe6 fxe6 6.cxb5 d5 7.e3 Bd6 8.Be2 O-O
9.Nbd2 Bb7 10.b3 Qe7 11.Bb2 Nbd7 12.Rc1 e5 13.e4 Nxe4 14.Nxe4 dxe4 15.Ng1 e3
16.f3 e4 17.Bc4+ Kh8 18.Ke2 exf3+ 19.Nxf3 Rxf3 20.gxf3 Bxf3+ 21.Kxf3 Rf8+
22.Ke2 Rf2+ {#R} 0-1

[Event "Ch Russia (juniors) (under 16)"]
[Site "masterchessopen.com – Dagomys (Russia)"]
[Round "3"]
[White "Babajanian Yury (RUS)"]
[Black "Gabdullin Mikhail (RUS)"]
[Result "0-1"]
[WhiteElo "2085"]
[BlackElo "1924"]

1.d4 Nf6 2.Nf3 c5 3.d5 e6 4.c4 b5 5.dxe6 fxe6 6.cxb5 d5 7.e3 Bd6 8.Be2 O-O
9.Nc3 Bb7 10.O-O Nbd7 11.a4 Qe7 12.a5 Rad8 13.h3 e5 14.e4 d4 15.Bc4+ Kh8
16.Nd5 Nxd5 17.exd5 e4 18.Ng5 Ne5 19.b3 Rf5 20.Ne6 Qh4 21.Nxd8 Nf3+ 22.Kh1 Rh5
23.Nf7+ Kg8 24.Nxd6 Qg4 {#R} 0-1

[Event "Ch Croatia (juniors) (team)"]
[Site "masterchessopen.com – Sveti Filip i Jakov (Croatia)"]
[Date "2006.04.21"]
[Round "7"]
[White "Bosiocic Marin (CRO)"]
[Black "Franciskovic Vinko (CRO)"]
[Result "1-0"]
[WhiteElo "2448"]
[BlackElo "2034"]

1.d4 Nf6 2.Nf3 e6 3.c4 c5 4.d5 b5 5.Bg5 exd5 6.cxd5 d6 7.e3 Qa5+ 8.Nbd2 Nxd5
9.a4 Bd7 10.axb5 Qb4 11.Qc2 Nb6 12.Bd3 Bxb5 13.O-O Bxd3 14.Qxd3 Nc6 15.Ne4 c4
16.Qe2 d5 17.Nc3 f6 18.Nd4 Rc8 19.Bf4 Bd6 20.Nxd5 Nxd5 21.Qh5+ Kd7 22.Qf5+ Kc7
23.Qxd5 {#r} 1-0

[Event "It (open)"]
[Site "masterchessopen.com – Ditzingen (Germany)"]
[Date "2006.05.26"]
[Round "4"]
[White "Bahnmueller Ingo"]
[Black "Dietrich Jan"]
[Result "0-1"]
[WhiteElo "1977"]
[BlackElo "2225"]

1.d4 Nf6 2.Nf3 c5 3.d5 b5 4.c4 e6 5.dxe6 fxe6 6.Qc2 bxc4 7.Qxc4 Be7 8.g3 O-O
9.Bg2 d5 10.Qc2 Nc6 11.a3 e5 12.b4 e4 13.Ng5 Ng4 14.Nh3 Bf6 15.Ra2 Bf5 16.O-O
Rc8 17.bxc5 Nd4 18.Qd1 Ne6 19.Nf4 Rxc5 20.Nxe6 Bxe6 21.Rc2 Rxc2 22.Qxc2 Qb6
23.Nd2 Bd4 24.e3 Bxe3 25.fxe3 Qxe3+ 26.Kh1 Rxf1+ 27.Bxf1 Qf2 {#R} 0-1

[Event "It (open)"]
[Site "masterchessopen.com – Essen (Germany)"]
[Date "2006.05.27"]
[Round "5"]
[White "Langer Wolfgang (GER)"]
[Black "Mazarov Juergen (GER)"]
[Result "1-0"]
[WhiteElo "2122"]
[BlackElo "2061"]

1.d4 Nf6 2.Nf3 e6 3.c4 c5 4.d5 b5 5.Bg5 h6 6.Bxf6 Qxf6 7.Qc2 bxc4 8.e4 exd5
9.exd5 Na6 10.Bxc4 Rb8 11.Nc3 Be7 12.O-O O-O 13.Rfe1 d6 14.Qe2 Nb4 15.Qxe7 Qg6
16.Ne4 Bg4 17.Qxd6 Bxf3 18.Qxg6 fxg6 19.gxf3 Nc2 20.b3 Nxa1 21.Rxa1 Rxf3
22.Nxc5 Rbf8 23.Ne6 {#r} 1-0

[Event "It (open)"]
[Site "masterchessopen.com – Athens (Greece)"]
[Date "2006.06.14"]
[Round "5"]
[White "Kourousis Epaminondas (GRE)"]
[Black "Karlovich Anastazia (UKR)"]
[Result "0-1"]
[WhiteElo "2113"]
[BlackElo "2276"]

1.d4 Nf6 2.c4 c5 3.d5 b5 4.Nf3 e6 5.Bg5 exd5 6.cxd5 d6 7.e4 a6 8.Bd3 Be7 9.Bd2
O-O 10.h3 Re8 11.O-O Nbd7 12.Re1 Bf8 13.b3 g6 14.a4 b4 15.Bf4 Nxe4 16.Ra2 Nef6
17.Rxe8 Qxe8 18.Re2 Qd8 19.Nbd2 Nxd5 20.Bg5 Qc7 21.Ne4 Bb7 22.Nh2 h6 23.Bc4
Nc3 24.Nxc3 bxc3 25.Qd3 d5 26.Bxd5 Qd6 {#R} 0-1

[Event "It (open)"]
[Site "masterchessopen.com – Voesendorf (Austria)"]
[Date "2006.06.15"]
[Round "2"]
[White "Shengelia Davit (AUT)"]
[Black "Loidl Florian (AUT)"]
[Result "1-0"]
[WhiteElo "2504"]
[BlackElo "2234"]

1.d4 Nf6 2.Nf3 c5 3.d5 e6 4.c4 b5 5.dxe6 fxe6 6.cxb5 d5 7.e3 Bd6 8.Nc3 O-O
9.Be2 Bc7 10.Qc2 Bb7 11.b3 Ne4 12.Bb2 Nd7 13.Nxe4 dxe4 14.Nd2 Qg5 15.O-O Rf5
16.g3 Qg6 17.Rad1 Raf8 18.Nxe4 Bxg3 19.Nxg3 Rxf2 20.e4 Qf7 21.Qd2 Nb6 22.Qe3
{#r} 1-0

[Event "It (open) \"]
[Site "masterchessopen.com – Sukhumi (Georgia)"]
[Date "2006.08.05"]
[Round "2"]
[White "Tihonov Jurij (BLR)"]
[Black "Gavrilov Andrei (RUS)"]
[Result "1-0"]
[WhiteElo "2494"]
[BlackElo "2192"]

1.d4 Nf6 2.c4 e6 3.Nf3 c5 4.d5 b5 5.Bg5 Qa5+ 6.Qd2 Qxd2+ 7.Nbxd2 Be7 8.dxe6
fxe6 9.cxb5 Bb7 10.e3 d5 11.Be2 Nbd7 12.O-O e5 13.Nb3 Rc8 14.Na5 Ba8 15.Rfd1
e4 16.Nd2 h6 17.Bh4 g5 18.Bg3 h5 19.h3 g4 20.h4 Nh7 21.Rac1 c4 22.Nc6 Bxc6
23.bxc6 Rxc6 24.Nb1 Rb6 25.b3 cxb3 26.axb3 Rxb3 27.Rc7 {#r} 1-0

[Event "It \"]
[Site "masterchessopen.com – Chicago (USA)"]
[Date "2006.08.13"]
[Round "9"]
[White "Gurevich Dmitry (USA)"]
[Black "Barnett Alexander (USA)"]
[Result "1-0"]
[WhiteElo "2510"]
[BlackElo "2287"]

1.d4 Nf6 2.Nf3 e6 3.c4 c5 4.d5 b5 5.dxe6 fxe6 6.cxb5 d5 7.g3 Bd6 8.Bg2 O-O
9.O-O Bb7 10.Nbd2 Nbd7 11.b3 Qb6 12.Bb2 Qxb5 13.e4 d4 14.Nc4 Bc7 15.e5 Ne4
16.Qc2 Bd5 17.Nxd4 cxd4 18.Bxe4 Bxe5 19.Rae1 Rac8 20.Bxh7+ Kh8 21.Bd3 Bf6
22.Qd1 Bxc4 23.bxc4 Rxc4 24.Qe2 Rfc8 25.Qxe6 Qxb2 26.Qxd7 {#r} 1-0

[Event "It (open)"]
[Site "masterchessopen.com – Izmir (Turkey)"]
[Date "2006.08.18"]
[Round "9"]
[White "Vasilev Milen (BUL)"]
[Black "Miroshnichenko Evgenij (UKR)"]
[Result "0-1"]
[WhiteElo "2422"]
[BlackElo "2627"]

1.d4 Nf6 2.c4 e6 3.Nf3 c5 4.d5 b5 5.dxe6 fxe6 6.cxb5 d5 7.Bg5 Be7 8.e3 O-O
9.Bd3 a6 10.bxa6 c4 11.Be2 Qb6 12.Qc1 Bb4+ 13.Nc3 Ne4 14.Bf4 Rxf4 15.exf4
Qxf2+ 16.Kd1 Nxa6 17.Rf1 Qb6 18.Nxe4 dxe4 19.Ne5 Bb7 20.Nxc4 Qd4+ 21.Kc2 Rc8
22.Kb3 Bd5 23.Rd1 Nc5+ 24.Kxb4 Nd3+ 25.Bxd3 Rb8+ 26.Ka4 Bc6+ {#R} 0-1

[Event "It (open)"]
[Site "masterchessopen.com – Ceska Trebova (Czech Republic)"]
[Date "2006.09.02"]
[Round "9"]
[White "Bernasek Jan (CZE)"]
[Black "Ganaus Hannes (AUT)"]
[Result "1-0"]
[WhiteElo "2470"]
[BlackElo "2326"]

1.d4 Nf6 2.c4 e6 3.Nf3 c5 4.d5 b5 5.dxe6 fxe6 6.cxb5 a6 7.bxa6 Bxa6 8.g3 Be7
9.Bg2 Nc6 10.O-O O-O 11.Nc3 Qe8 12.Re1 d5 13.Bh3 Nd8 14.Ng5 Bc8 15.e4 d4 16.e5
dxc3 17.exf6 Bxf6 18.bxc3 Bxg5 19.Bxg5 Bb7 20.Bxd8 Qc6 21.Bxe6+ Kh8 22.Bd5
Qxd5 23.Qxd5 Bxd5 24.Be7 Rf3 25.Re5 Rd3 26.Bxc5 h6 27.a3 {#r} 1-0

[Event "It (open)"]
[Site "masterchessopen.com – Thessaloniki (Greece)"]
[Date "2006.09.06"]
[Round "9"]
[White "Papadopoulou Vera (GRE)"]
[Black "Mavreas Dimitrios (GRE)"]
[Result "1-0"]
[WhiteElo "2246"]
[BlackElo "1991"]

1.d4 Nf6 2.Nf3 e6 3.c4 c5 4.d5 b5 5.Bg5 h6 6.Bxf6 Qxf6 7.Nc3 a6 8.e4 b4 9.Na4
Qd8 10.d6 Qa5 11.Ne5 Bb7 12.Qh5 b3+ 13.Nc3 Bxe4 14.Qxf7+ Kd8 15.Qf4 {#r} 1-0

[Event "It (open)"]
[Site "masterchessopen.com – Santo-Domingo (Dominicana)"]
[Round "1"]
[White "Mateo Ramon (DOM)"]
[Black "Alcantara Ray (DOM)"]
[Result "1-0"]
[WhiteElo "2415"]
[BlackElo "2125"]

1.d4 Nf6 2.c4 e6 3.Nf3 c5 4.d5 b5 5.dxe6 fxe6 6.cxb5 a6 7.bxa6 Bxa6 8.g3 d5
9.Bh3 Qb6 10.O-O h5 11.Qc2 Nbd7 12.Ng5 Ne5 13.Bf4 Nfg4 14.Nc3 Be7 15.Bxg4 Nxg4
16.Qg6+ Kd7 17.Nxd5 Qc6 18.Nxe7 {#r} 1-0

[Event "It (open)"]
[Site "masterchessopen.com – Bad Wiessee (Germany)"]
[Date "2006.11.10"]
[Round "7"]
[White "Wiley Tom E (ENG)"]
[Black "Bykhovsky Avigdor (RUS)"]
[Result "0-1"]
[WhiteElo "2335"]
[BlackElo "2458"]

1.d4 Nf6 2.c4 c5 3.d5 b5 4.Nf3 e6 5.Bg5 Qa5+ 6.Qd2 Qxd2+ 7.Nbxd2 bxc4 8.e4 Bb7
9.dxe6 fxe6 10.e5 Ne4 11.Nxe4 Bxe4 12.Nd2 Bd5 13.Nxc4 Nc6 14.f4 h6 15.Bh4 Bxc4
16.Bxc4 g5 17.Bg3 gxf4 18.Bxf4 Bg7 19.O-O-O Bxe5 20.Bxe5 Nxe5 21.Bb5 Ke7
22.Rhe1 d6 23.b3 Rab8 24.Bf1 Rhf8 25.Rd2 Rb4 {#R} 0-1

[Event "It (open) \"]
[Site "masterchessopen.com – Salekhard (Russia)"]
[Date "2006.11.30"]
[Round "2"]
[White "Kopylov Alexander A (RUS)"]
[Black "Ovetchkin Roman (RUS)"]
[Result "0-1"]
[WhiteElo "2237"]
[BlackElo "2543"]

1.d4 Nf6 2.c4 e6 3.Nf3 c5 4.d5 b5 5.dxe6 fxe6 6.cxb5 d5 7.Nbd2 a6 8.e4 Be7
9.exd5 exd5 10.Be2 O-O 11.O-O c4 12.bxa6 Nc6 13.Nxc4 dxc4 14.Qa4 Nb4 15.Bxc4+
Kh8 16.a7 Qc7 17.Qb3 Ng4 18.Rd1 Bb7 19.Be2 Rxf3 20.Bxf3 Qxh2+ 21.Kf1 Ba6+ {#R}
0-1

[Event "Ch Romania"]
[Site "masterchessopen.com – Predeal (Romania)"]
[Date "2006.12.06"]
[Round "10"]
[White "Sandulescu Gheorghe (ROM)"]
[Black "Cioara Andrei Nestor (ROM)"]
[Result "0-1"]
[WhiteElo "1951"]
[BlackElo "2419"]

1.d4 e6 2.c4 Nf6 3.Nf3 c5 4.d5 b5 5.Bg5 exd5 6.cxd5 d6 7.Nc3 b4 8.Ne4 Be7
9.Bxf6 Bxf6 10.Qa4+ Bd7 11.Nxf6+ Qxf6 12.Qc2 Bb5 13.e3 Bxf1 14.Rxf1 O-O 15.Nd2
Nd7 16.O-O-O a5 17.Nc4 a4 18.Rd3 b3 19.axb3 axb3 20.Qb1 Ra4 21.Rc3 Rb8 22.Qd3
Rbb4 23.f3 Rxc4 24.Rxc4 Ne5 25.Qxb3 Rxc4+ 26.Kd1 Rb4 27.Qa2 g6 28.Rf2 Nc4 {#R}
0-1

[Event "It (open) (b)"]
[Site "masterchessopen.com – Prague (Czech Republic)"]
[Date "2007.01.13"]
[Round "3"]
[White "Kuchta Jiri (CZE)"]
[Black "Horyna Josef (CZE)"]
[Result "0-1"]
[WhiteElo "1457"]
[BlackElo "1903"]

1.d4 Nf6 2.c4 e6 3.Nf3 c5 4.d5 b5 5.dxe6 fxe6 6.b3 bxc4 7.bxc4 Nc6 8.Nc3 Be7
9.e4 d6 10.Be2 O-O 11.O-O Rb8 12.Bg5 Qa5 13.Qd2 Nd4 14.Nxd4 cxd4 15.Qxd4 Qxg5
16.Qxa7 Rb7 17.Qd4 Qc5 18.Qd2 Bd7 19.a4 Bc6 20.Qc2 Rfb8 21.Rfb1 Nd7 22.Rxb7
Rxb7 23.a5 Ra7 24.Qb3 Rxa5 25.Rxa5 Qxa5 26.c5 Nxc5 {#R} 0-1

[Event "Ch City (1/2 final)"]
[Site "masterchessopen.com – Voronezh (Russia)"]
[Date "2007.02.09"]
[Round "4"]
[White "Gerasko Viacheslav (RUS)"]
[Black "Gritsenko Vladimir (RUS)"]
[Result "0-1"]
[WhiteElo "2046"]
[BlackElo "2243"]

1.d4 Nf6 2.Nf3 c5 3.d5 b5 4.c4 e6 5.dxe6 fxe6 6.cxb5 d5 7.e3 Bb7 8.Be2 Bd6
9.O-O O-O 10.b3 e5 11.Bb2 Qe7 12.h3 Nbd7 13.Nbd2 e4 14.Nh2 Bc7 15.Re1 Rf7
16.Ndf1 Raf8 17.f4 exf3 18.Bxf3 Ne5 19.Be2 Ne4 20.Nf3 Nxf3+ 21.Bxf3 Rxf3
22.Nh2 Rf2 {#R} 0-1

[Event "It (open)"]
[Site "masterchessopen.com – La Laguna (Spain)"]
[Date "2007.03.06"]
[Round "2"]
[White "Barsov Alexei (UZB)"]
[Black "Rodriguez Vera Gregorio (ESP)"]
[Result "1-0"]
[WhiteElo "2526"]
[BlackElo "2137"]

1.d4 Nf6 2.Nf3 c5 3.d5 e6 4.c4 b5 5.Bg5 exd5 6.cxd5 h6 7.Bxf6 Qxf6 8.Nc3 b4
9.Ne4 Qg6 10.Ned2 d6 11.e4 Be7 12.Bb5+ Kf8 13.a3 Bd7 14.Qa4 Qxg2 15.Rg1 Qh3
16.axb4 Bxb5 17.Qxb5 Qd7 18.Qa5 Bd8 19.Qa3 cxb4 20.Qxb4 a5 21.Qc3 Rh7 22.Nd4
Na6 23.Nc6 Nc5 24.Ra3 Rc8 25.Qc2 Kg8 26.Nc4 a4 27.Rag3 Bf6 28.Nb6 {#r} 1-0

[Event "Cup Owl Mountains (open)"]
[Site "masterchessopen.com – Dzierzoniow (Poland)"]
[Date "2007.03.24"]
[Round "7"]
[White "Polishchuk Oleg (UKR)"]
[Black "Kacprzak Robert (POL)"]
[Result "1-0"]
[WhiteElo "2219"]
[BlackElo "1838"]

1.d4 Nf6 2.c4 e6 3.Nf3 c5 4.d5 b5 5.a4 bxc4 6.Nc3 exd5 7.Nxd5 Bb7 8.e4 Be7
9.Bxc4 O-O 10.O-O Nxd5 11.Bxd5 Qc7 12.Bf4 d6 13.Rc1 Bxd5 14.Qxd5 Nc6 15.Rxc5
Rac8 16.Rfc1 dxc5 17.Bxc7 Rxc7 18.e5 Rd8 19.Qe4 Nb4 20.h4 Nd3 21.Rc2 Nb4
22.Rd2 {#r} 1-0

[Event "It (open)"]
[Site "masterchessopen.com – Lenk (Switzerland)"]
[Date "2007.04.05"]
[Round "1"]
[White "El-Mais Ib A (SUI)"]
[Black "Thesing Matthias (GER)"]
[Result "0-1"]
[WhiteElo "1921"]
[BlackElo "2393"]

1.d4 Nf6 2.c4 e6 3.Nf3 c5 4.d5 b5 5.dxe6 fxe6 6.cxb5 d5 7.e3 Bd6 8.Nc3 Nbd7
9.e4 d4 10.Qd3 Bb7 11.Ng5 Qe7 12.Nd1 h6 13.Qh3 O-O-O 14.Nxe6 Nxe4 15.Bc4 Ng5
16.Bxg5 hxg5 17.Qf5 Rdf8 18.Qxg5 Rf6 19.Ne3 Rxe6 {#R} 0-1

[Event "Ch Arab Cities"]
[Site "masterchessopen.com – Beirut (Lebanon)"]
[Date "2007.04.08"]
[Round "1"]
[White "Al-Hantouli Firas (JOR)"]
[Black "Abdel Razik Khaled (EGY)"]
[Result "0-1"]
[WhiteElo "2171"]
[BlackElo "2389"]

1.d4 Nf6 2.Nf3 c5 3.d5 e6 4.c4 b5 5.dxe6 fxe6 6.cxb5 d5 7.Bg5 Nbd7 8.e4 h6
9.Bxf6 Qxf6 10.exd5 Qxb2 11.Nbd2 exd5 12.Bd3 Qf6 13.Qb1 g5 14.O-O g4 15.Ne1
Bg7 16.Nc2 O-O 17.Qd1 Qg5 18.Rb1 Ne5 19.Be2 Bf5 20.Rb3 Rad8 21.Rg3 h5 22.Ra3
d4 23.f4 gxf3 24.Nxf3 Nxf3+ 25.Rfxf3 h4 26.Rxa7 d3 27.Bxd3 Bxd3 {#R} 0-1

[Event "Tournament \"]
[Site "masterchessopen.com – Chisinau (Moldova)"]
[Date "2007.05.05"]
[Round "8"]
[White "Panush Viktor (MDA)"]
[Black "Pleshca Constantin (MDA)"]
[Result "1-0"]
[WhiteElo "2235"]
[BlackElo "1992"]

1.d4 Nf6 2.Nf3 e6 3.c4 c5 4.d5 b5 5.Bg5 h6 6.Bxf6 Qxf6 7.Nc3 a6 8.e4 d6 9.cxb5
Nd7 10.bxa6 Bxa6 11.Qa4 Bb7 12.Qb3 Rb8 13.Bb5 Qe7 14.e5 c4 15.Qxc4 Rc8 16.Qb3
g5 17.O-O Bg7 18.exd6 {#r} 1-0

[Event "NRW Klasse 2 2006/07"]
[Site "masterchessopen.com – Germany"]
[Date "2007.05.06"]
[Round "9"]
[White "Hainke Guntram (GER)"]
[Black "Muschik Benedikt (GER)"]
[Result "1-0"]
[WhiteElo "2311"]
[BlackElo "2226"]

1.d4 Nf6 2.c4 c5 3.d5 b5 4.Nf3 e6 5.Bg5 exd5 6.cxd5 h6 7.Bxf6 Qxf6 8.Qc2 Na6
9.Nc3 Rb8 10.e4 c4 11.e5 Qf4 12.Be2 Nb4 13.Qd1 Qf5 14.O-O Bc5 15.a3 Na6 16.b4
Be7 17.Nxb5 f6 18.Bxc4 fxe5 19.d6 Bf6 20.Qe2 Kd8 21.Nxa7 e4 22.Nd2 Bxa1
23.Nxc8 Bd4 24.Bxa6 Re8 25.Ne7 Qe5 26.Nxe4 Rb6 27.Rc1 Rxe7 28.Rc8# 1-0

[Event "It (cat.7)"]
[Site "masterchessopen.com – Budapest (Hungary)"]
[Date "2007.05.10"]
[Round "7"]
[White "Ilincic Zlatko (SRB)"]
[Black "Illner Achim (GER)"]
[Result "1-0"]
[WhiteElo "2545"]
[BlackElo "2370"]

1.d4 Nf6 2.c4 e6 3.Nf3 c5 4.d5 b5 5.dxe6 fxe6 6.e4 Nxe4 7.Bd3 Bb7 8.cxb5 Be7
9.Qc2 Ng5 10.Nxg5 Bxg5 11.Qxc5 Bxc1 12.Qxc1 Qh4 13.Qc7 O-O 14.O-O Bxg2 15.Kxg2
Qg5+ 16.Qg3 Qd5+ 17.Kg1 Rf3 18.Bxh7+ Kxh7 19.Qh4+ Kg8 20.Nc3 Qf5 21.Ne4 d5
22.Qd8+ Kh7 23.Ng3 Qf6 24.Qc8 Qe7 25.Rae1 e5 26.Qg4 Rf6 27.Qh5+ {#r} 1-0

[Event "It (open)"]
[Site "masterchessopen.com – Galatzi (Romania)"]
[Date "2007.05.10"]
[Round "3"]
[White "Jianu Vlad-Cristian (ROM)"]
[Black "Cioara Andrei Nestor (ROM)"]
[Result "1-0"]
[WhiteElo "2535"]
[BlackElo "2428"]

1.d4 Nf6 2.c4 e6 3.Nf3 c5 4.d5 b5 5.dxe6 fxe6 6.cxb5 d5 7.g3 Bd6 8.Bg2 a6
9.bxa6 Nc6 10.O-O O-O 11.b3 Bxa6 12.Bb2 Qe8 13.Re1 Rd8 14.Nbd2 Ng4 15.h3 Nxf2
16.Kxf2 Nd4 17.Nf1 Be5 18.Rb1 Qg6 19.Kg1 Nxf3+ 20.exf3 Bb8 21.Be5 Ba7 22.Kh2
Bd3 23.Rc1 c4 24.Qd2 h5 25.h4 Rf5 26.f4 Rdf8 27.Ne3 c3 28.Rxc3 {#r} 1-0

[Event "Ch Germany (juniors) (under 16)"]
[Site "masterchessopen.com – Willingen (Germany)"]
[Date "2007.05.30"]
[Round "7"]
[White "Mueller Reinhold (GER)"]
[Black "Jorczik Julian (GER)"]
[Result "0-1"]
[WhiteElo "2137"]
[BlackElo "2362"]

1.d4 Nf6 2.c4 e6 3.Nf3 c5 4.d5 b5 5.dxe6 fxe6 6.cxb5 d5 7.e3 Bd6 8.Nc3 Nbd7
9.Ng5 Qe7 10.Bd3 Bb7 11.Qc2 e5 12.Bxh7 Nxh7 13.Qg6+ Kf8 14.Nxh7+ Kg8 15.Ng5
Rh6 16.Qf5 Rf8 17.Qg4 e4 18.Nh3 Ne5 19.Qe2 Nd3+ 20.Kf1 Rxh3 21.gxh3 Rf3 22.Nd1
Bc8 23.Qc2 Qh4 24.Ke2 Bxh3 25.Kd2 Rxf2+ 26.Nxf2 Qxf2+ 27.Kc3 Be5+ 28.Kb3 c4+
{#R} 0-1

[Event "It (open) \"]
[Site "masterchessopen.com – St. Petersburg (Russia)"]
[Date "2007.06.03"]
[Round "2"]
[White "Malinovsky Ilya (RUS)"]
[Black "Bazhenova Dina (RUS)"]
[Result "1-0"]
[WhiteElo "1883"]
[BlackElo "1917"]

1.d4 Nf6 2.c4 e6 3.Nf3 c5 4.d5 b5 5.cxb5 exd5 6.Bg5 d4 7.Nbd2 d5 8.g3 Be7
9.Bg2 Bb7 10.O-O O-O 11.b4 Ne4 12.Bxe7 Qxe7 13.bxc5 Nc3 14.Qc2 Qxc5 15.Nb3 Qe7
16.Nfxd4 Rc8 17.Qf5 Ne4 18.Qg4 Nf6 19.Nf5 Qf8 20.Qg5 Kh8 21.Na5 Rc7 22.Rac1
Rd7 23.Nxb7 h6 24.Nxh6 Rxb7 25.Bxd5 Rxb5 26.Nf5 Rxd5 27.Rc8 {#r} 1-0

[Event "It (open) (b)"]
[Site "masterchessopen.com – Voronezh (Russia)"]
[Date "2007.06.14"]
[Round "3"]
[White "Filippov Ivan (RUS)"]
[Black "Pylaeva Ekaterina (RUS)"]
[Result "1-0"]
[WhiteElo "2035"]
[BlackElo "1635"]

1.d4 Nf6 2.c4 e6 3.Nf3 c5 4.d5 b5 5.Bg5 bxc4 6.Nc3 Bb7 7.e4 h6 8.Bxf6 Qxf6
9.Bxc4 Be7 10.e5 Qg6 11.O-O d6 12.Qb3 Bc8 13.Nb5 O-O 14.Nc7 exd5 15.Bxd5 Bh3
16.Ne1 dxe5 17.Qxh3 {#r} 1-0

[Event "It (open)"]
[Site "masterchessopen.com – Klatovy (Czech Republic)"]
[Date "2007.07.03"]
[Round "4"]
[White "Krejci Jan (CZE)"]
[Black "Jenc Milan (CZE)"]
[Result "1-0"]
[WhiteElo "1719"]
[BlackElo "1930"]

1.d4 Nf6 2.c4 e6 3.Nf3 c5 4.d5 b5 5.dxe6 fxe6 6.cxb5 d5 7.Bg5 Nbd7 8.e3 c4
9.Nd4 Nc5 10.Nc6 Qd7 11.Ne5 Qd8 12.Be2 Qa5+ 13.Nc3 Nce4 14.Bh5+ g6 15.Bxf6
Nxf6 16.Bf3 Bb4 17.Qd4 O-O 18.a4 Ne4 19.Bxe4 dxe4 20.Ng4 h5 21.Nf6+ Kf7
22.Nxe4 Rg8 23.O-O {#r} 1-0

[Event "It \"]
[Site "masterchessopen.com – Caerleon (Wales)"]
[Date "2007.07.09"]
[Round "4"]
[White "Gibson Christopher (ENG)"]
[Black "Rudd Jack (ENG)"]
[Result "0-1"]
[WhiteElo "2032"]
[BlackElo "2332"]

1.d4 Nf6 2.c4 e6 3.Nf3 c5 4.d5 b5 5.dxe6 fxe6 6.cxb5 d5 7.Nc3 Bb7 8.e4 d4 9.e5
Nfd7 10.Nb1 Be7 11.Nbd2 O-O 12.Bc4 Qe8 13.O-O Qg6 14.Qb3 Nxe5 15.Bxe6+ Kh8
16.Bd5 c4 17.Nxe5 Qd6 18.Ng6+ Qxg6 19.Qxc4 Rc8 20.Bxb7 Rxc4 21.Nxc4 Qc2 22.Na3
Bxa3 23.bxa3 d3 24.Be3 {#R} 0-1

[Event "It (open)"]
[Site "masterchessopen.com – La Fere (France)"]
[Date "2007.07.13"]
[Round "9"]
[White "Dobrev Nanko (BUL)"]
[Black "Mestdagh Franck (FRA)"]
[Result "1-0"]
[WhiteElo "2448"]
[BlackElo "1911"]

1.d4 Nf6 2.Nf3 e6 3.c4 c5 4.d5 b5 5.Bg5 exd5 6.cxd5 d6 7.e4 a6 8.a4 Nbd7
9.axb5 Qb6 10.Nbd2 g6 11.Qc2 Bg7 12.Nc4 Qb8 13.Bf4 Bf8 14.Be2 axb5 15.Rxa8
Qxa8 16.Nxd6+ Bxd6 17.Bxd6 Qa1+ 18.Bd1 Qa5+ 19.Nd2 Qb6 20.e5 Nxd5 21.O-O f5
22.Nb3 Nc7 23.Nd4 Kf7 24.Bxc7 Qxc7 25.e6+ {#r} 1-0